ATP Top 50 Tennisspieler 2020 - Statistiken

Allgemein
  • Dieses Quiz wurde 307 mal gespielt
  • Das Durchschnittsergebnis liegt bei 27 aus 50
Antwortstatistiken
Ranglistenposition Land Tennisspieler % Korrekt
#2 Spanien Rafael Nadal
100%
#1 Serbien Novak Djokovic
99%
#7 Deutschland Alexander Zverev
98%
#3 Österreich Dominic Thiem
97%
#5 Schweiz Roger Federer
97%
#6 Griechenland Stefanos Tsitsipas
95%
#4 Russland Daniil Medvedev
92%
#8 Russland Andrey Rublev
85%
#18 Schweiz Stan Wawrinka
76%
#11 Frankreich Gael Monfils
75%
#19 Bulgarien Grigor Dimitrov
75%
#9 Argentinien Diego Schwartzman
72%
#10 Italien Matteo Berrettini
72%
#27 Norwegen Casper Ruud
70%
#12 Kanada Denis Shapovalov
69%
#37 Italien Jannik Sinner
66%
#45 Australien Nick Kyrgios
63%
#29 USA Taylor Fritz
62%
#42 Kroatien Marin Cilic
61%
#21 Kanada Felix Auger-Aliassime
59%
#15 Belgien David Goffin
58%
#36 Deutschland Jan-Lennard Struff
56%
#13 Spanien Roberto Bautista Agut
56%
#25 USA John Isner
55%
#23 Australien Alex de Minaur
54%
#16 Spanien Pablo Carreno Busta
54%
#17 Italien Fabio Fognini
52%
#41 Japan Kei Nishikori
52%
#14 Kanada Milos Raonic
52%
#34 Polen Hubert Hurkacz
51%
#20 Russland Karen Khachanov
50%
#50 Kasachstan Alexander Bublik
49%
#24 Kroatien Borna Coric
45%
#22 Chile Cristian Garin
42%
#33 Italien Lorenzo Sonego
37%
#32 Großbritannien Daniel Evans
35%
#47 Frankreich Richard Gasquet
31%
#44 Serbien Miomir Kecmanovic
30%
#40 Georgien Nikolz Basilashvili
30%
#26 Serbien Dusan Lajovic
29%
#30 Frankreich Ugo Humbert
27%
#28 Frankreich Benoit Paire
24%
#39 USA Reilly Opelka
24%
#35 Frankreich Adrian Mannarino
21%
#31 Serbien Filip Krajinovic
21%
#38 Australien John Millman
17%
#48 Großbritannien Kyle Edmund
17%
#43 Argentinien Guido Pella
10%
#46 Spanien Albert Ramos Vinolas
9%
#49 USA Tennys Sandgren
7%
Keine übereinstimmenden Quizze gefunden
Verteilung der Resultate
Anzahl Personen mit jedem Resultat
Perzentil nach korrekt beantworteten Fragen
Ihre Resultats-Entwicklung
Sie haben dieses Quiz noch nicht gespielt